|
|
|
|
| LEADER |
00930nam a2200229 a 4500 |
| 001 |
3199390 |
| 008 |
110222r2003 enk b 001 0 eng d |
| 010 |
|
|
|a 77371616
|
| 040 |
|
|
|a DLC
|c DLC
|d DLC
|d BD-DhAAL
|
| 082 |
0 |
0 |
|a 801/.957/019
|2 22
|
| 100 |
1 |
|
|a Freud, Sigmund,
|d 1856-1939.
|
| 245 |
1 |
0 |
|a Jokes and their relation to the unconscious /
|c Sigmund Freud
|
| 260 |
|
|
|a Harmondsworth ;
|a New York :
|b Penguin ;
|a New Delhi :
|b Shrijee's Book International,
|c 2003.[Reprinted]
|
| 300 |
|
|
|a 302 p. ;
|c 21 cm.
|
| 490 |
0 |
|
|a Sigmund Freud
|v v. 6
|
| 504 |
|
|
|a Includes Bibliographical references.
|
| 541 |
1 |
|
|e 00014188
|
| 650 |
|
0 |
|a Wit and humor
|x Psychological aspects.
|
| 650 |
|
0 |
|a Subconsciousness.
|
| 852 |
4 |
|
|a Ayesha Abed Library
|j General shelf
|
| 999 |
|
|
|c 10471
|d 10471
|
| 952 |
|
|
|0 0
|1 0
|2 ddc
|4 0
|6 801_957019000000000_FRE
|7 0
|9 14423
|a BRACUL
|b BRACUL
|c GEN
|d 2011-02-24
|l 8
|m 26
|o 801.957019 FRE
|p 3010014188
|r 2019-06-10
|s 2019-05-14
|t 1
|w 2011-02-24
|y BK
|